Recreando el habla : Actividades para mejorar la pronunciación /
Saved in:
| Format: | Book |
|---|---|
| Published: |
Buenos Aires :
Lugar,
2005.
|
| Edition: | 1a ed. |
| LEADER | 00400nam a22001217a 4500 | ||
|---|---|---|---|
| 003 | AR-BeUNQ | ||
| 005 | 20241004171821.0 | ||
| 999 | |c 38947 |d 122747 | ||
| 245 | |a Recreando el habla : |b Actividades para mejorar la pronunciación / |c Susana Demb, Mónica Benatuil. | ||
| 250 | |a 1a ed. | ||
| 260 | |a Buenos Aires : |b Lugar, |c 2005. | ||
| 929 | |a DONACION |b María del Carmen Hemmingsen |e 20240823 |f PAT0082436 |g 3755 |o PR | ||
| 942 | |c LIB |n 1 | ||